000
00326nam a2200121Ia 4500
008
220204s9999 xx 000 0 und d
082
_a
651.44
_b
CUR
100
_a
Curchack, Norma
245
0
_a
Secretarial training for the changing office
260
_a
New York
_b
Harcourt
_c
1977
700
_a
Parzych, Patricia A
942
_c
BK
999
_c
26767
_d
26767